Canadian Geography by Letter - G - Statistics

General Stats
  • This quiz has been taken 21 times
    14 since last reset
  • The average score is 8 of 20
Answer Stats
Hint Answer % Correct
Collective name for 5 big lakes on the Canada-United States border Great Lakes
100%
Town in central Newfoundland, shares a name with a male goose Gander
75%
PEI community with sand dunes and the name of the prime meridian Greenwich
67%
Southeast of Newfoundland. One of the richest fishing grounds in the world Grand Banks
58%
Peninsula in Quebec that extends into the Gulf of St. Lawrence {Gaspé} Peninsula
50%
Quebec city on the northern bank of Ottawa River Gatineau
50%
Strait that runs between Vancouver Island and mainland British Columbia {Georgia} Strait
50%
"The Royal City" of southwest Ontario founded by John Galt Guelph
42%
Large bay that covers 80% of the length of Lake Ontario {Georgian} Bay
33%
National park in British Columbia known for Rogers Pass {Glacier} National Park
33%
City in northwest Alberta with a name defined by its surrounding landscape Grande Prairie
33%
Islands in the above {Gulf} Islands
33%
Manitoba community founded by Icelanders in 1908 Gimli
25%
Town in British Columbia at the fork of the Granby and Kettle Rivers Grand Forks
25%
National park in western Newfoundland with gigantic fjords {Gros Morne} National Park
25%
Volcano overlooking the town of Squamish in British Columbia Mount {Garibaldi}
25%
British Columbia community featured on the show "Beachcombers" Gibsons
17%
National park in Saskatchewan on the border with Manitoba {Grasslands} National Park
17%
Largest lake entirely within Canada {Great Bear} Lake
17%
New Brunswick island closer to Maine than to the Canadian mainland {Grand Manan} Island
8%
No matching quizzes found
Score Distribution
Percent of People with Each Score
Percentile by Number Answered
Your Score History
You have not taken this quiz since the last reset